Economic survey of Japan (1958-1959)

Đã lưu trong:
書目詳細資料
格式: 圖書
語言:Undetermined
出版: Tokyo The Japan Times, Ltd 1959
主題:
標簽: 添加標簽
沒有標簽, 成為第一個標記此記錄!
Thư viện lưu trữ: Trung tâm Học liệu Trường Đại học Cần Thơ
LEADER 00464nam a2200181Ia 4500
001 CTU_105159
008 210402s9999 xx 000 0 und d
082 |a 330.952 
082 |b E17 
245 0 |a Economic survey of Japan (1958-1959) 
260 |a Tokyo 
260 |b The Japan Times, Ltd 
260 |c 1959 
650 |a Japan 
650 |x Economic conditions 
650 |y 1959- 
904 |i Năm 
980 |a Trung tâm Học liệu Trường Đại học Cần Thơ